000 00661nam a2200253Ia 4500
003 OSt
005 20220925210306.0
006 a|||||r|||| 00| 0
007 ta
008 220923b |||||||| |||| 00| 0 eng d
037 _cGeneral Book
040 _aRTL
_cRTL
_beng
041 _2eng
_aeng
082 _aX:8J, L6;M8
100 _aRoberison Jack C
_9272259
245 0 _aAuditing
250 _a5
260 _aIllions
_bIrwin
_c1988
300 _axix,859p
_ccm.
650 _aAudit
700 _a Davis Frederick G
_9272260
942 _hX:8J, L6;M8
_cGB
_2CC
999 _c554653
_d554653